[Event "DSJ Weihnachtsturnier U20 2020"]
[Site "https://play.chessbase.com/en/play?room=DSJWeihnachtU20"]
[Date "2020.12.29"]
[Round "6"]
[White "Lohmann, Laurin"]
[Black "Boder, Jan"]
[Result "0-1"]
[Termination "normal"]
[Board "12.1"]
[WhiteElo "1736"]
[BlackElo "2146"]
[WhiteTeam "VfL Leipheim 1898"]
[BlackTeam "SC ML Kastellaun"]
[PlyCount "117"]
[WhiteFideId "16281594"]
[BlackFideId "16243226"]
[EventRounds "7"]
[EventType "team-swiss"]
[EventDate "2020.12.29"]

1. e4 {[%emt 0:00:10]} c5 {[%emt 0:00:03]} 2. c3 {[%emt 0:00:04]} Nf6 {[%emt
0:00:09]} 3. e5 {[%emt 0:00:03]} Nd5 {[%emt 0:00:06]} 4. d4 {[%emt 0:00:03]}
cxd4 {[%emt 0:00:01]} 5. cxd4 {[%emt 0:00:02]} Nc6 {[%emt 0:00:02]} 6. Nc3
{[%emt 0:00:03]} Nxc3 {[%emt 0:00:01]} 7. bxc3 {[%emt 0:00:00]} g6 {[%emt
0:00:00]} 8. Nf3 {[%emt 0:00:07]} Bg7 {[%emt 0:00:01]} 9. Bd3 {[%emt 0:00:04]}
O-O {[%emt 0:00:02]} 10. O-O {[%emt 0:00:10]} d6 {[%emt 0:00:03]} 11. exd6
{[%emt 0:00:05]} Qxd6 {[%emt 0:00:00]} 12. Re1 {[%emt 0:00:10]} Be6 {[%emt
0:00:04]} 13. Be3 { [%emt 0:00:18]} Na5 {[%emt 0:00:03]} 14. Rc1 {[%emt
0:00:18]} Rac8 {[%emt 0:00:03]} 15. Qe2 {[%emt 0:00:42]} Bc4 {[%emt 0:00:08]}
16. Bxc4 {[%emt 0:00:17]} Nxc4 {[%emt 0:00:00]} 17. Bg5 {[%emt 0:00:07]} e6
{[%emt 0:00:01]} 18. Bh4 { [%emt 0:00:16]} Qd5 {[%emt 0:00:24]} 19. Bg3 {[%emt
0:00:10]} Rfd8 {[%emt 0:00:02]} 20. Qd3 {[%emt 0:00:21]} b5 {[%emt 0:00:16]}
21. h3 {[%emt 0:00:09]} a6 { [%emt 0:00:02]} 22. Nd2 {[%emt 0:00:11]} Rc6
{[%emt 0:00:05]} 23. Ne4 {[%emt 0:00:10]} f5 {[%emt 0:00:32]} 24. Nd2 {[%emt
0:00:09]} Nxd2 {[%emt 0:00:04]} 25. Qxd2 {[%emt 0:00:00]} e5 {[%emt 0:00:04]}
26. Qe2 {[%emt 0:00:16]} e4 {[%emt 0:00:12]} 27. Bf4 {[%emt 0:00:14]} Rc4
{[%emt 0:00:05]} 28. Qb2 {[%emt 0:00:08]} Rdc8 {[%emt 0:00:06]} 29. Qa3 {[%emt
0:00:06]} Ra4 {[%emt 0:00:13]} 30. Qe7 { [%emt 0:00:03]} Qf7 {[%emt 0:00:03]}
31. Qd6 {[%emt 0:00:13]} Bf8 {[%emt 0:00:56]} 32. Qb6 {[%emt 0:00:06]} Rxa2
{[%emt 0:00:31]} 33. Ra1 {[%emt 0:00:08]} Rxc3 {[%emt 0:00:07]} 34. Rxa2 {[%emt
0:00:19]} Qxa2 {[%emt 0:00:00]} 35. Qf6 { [%emt 0:00:10]} Qf7 {[%emt 0:00:39]}
36. Qxa6 {[%emt 0:00:12]} b4 {[%emt 0:00:02]} 37. Rb1 {[%emt 0:00:13]} Qc4
{[%emt 0:00:36]} 38. Qf6 {[%emt 0:00:08]} Qc6 {[%emt 0:00:05]} 39. Qe5 {[%emt
0:00:11]} b3 {[%emt 0:01:35]} 40. d5 {[%emt 0:00:48]} Qc8 {[%emt 0:00:02]} 41.
d6 {[%emt 0:00:09]} Rd3 {[%emt 0:00:48]} 42. Qf6 {[%emt 0:01:07]} Bg7 {[%emt
0:00:09]} 43. Qe7 {[%emt 0:00:06]} b2 {[%emt 0:00:17]} 44. Kh2 {[%emt 0:00:57]}
Rd5 {[%emt 0:01:46]} 45. g3 {[%emt 0:00:51]} h6 {[%emt 0:00:02]} 46. h4 {[%emt
0:00:13]} Qf8 {[%emt 0:00:25]} 47. Qe6+ { [%emt 0:00:25]} Qf7 {[%emt 0:00:01]}
48. Qc8+ {[%emt 0:00:03]} Kh7 {[%emt 0:00:00]} 49. Qc7 {[%emt 0:00:07]} Qxc7
{[%emt 0:00:07]} 50. dxc7 {[%emt 0:00:00]} Rc5 {[%emt 0:00:00]} 51. Kg2 {[%emt
0:00:03]} Rc2 {[%emt 0:00:03]} 52. Kf1 { [%emt 0:00:07]} g5 {[%emt 0:00:01]}
53. hxg5 {[%emt 0:00:04]} hxg5 {[%emt 0:00:00]} 54. Bxg5 {[%emt 0:00:00]} Rxc7
{[%emt 0:00:02]} 55. Bf4 {[%emt 0:00:04]} Rc2 {[%emt 0:00:02]} 56. Ke1 {[%emt
0:00:01]} Bc3+ {[%emt 0:00:08]} 57. Kd1 { [%emt 0:00:02]} Rxf2 {[%emt 0:00:01]}
58. g4 {[%emt 0:00:05]} fxg4 {[%emt 0:00:02]} 59. Rxb2 {[%emt 0:00:01]} 0-1

[Event "DSJ Weihnachtsturnier U20 2020"]
[Site "https://play.chessbase.com/en/play?room=DSJWeihnachtU20"]
[Date "2020.12.29"]
[Round "6"]
[White "Ohler, Julius"]
[Black "Lohmann, Dominik"]
[Result "0-1"]
[Termination "normal"]
[Board "12.2"]
[WhiteElo "2010"]
[BlackElo "1786"]
[WhiteTeam "SC ML Kastellaun"]
[BlackTeam "VfL Leipheim 1898"]
[PlyCount "88"]
[WhiteFideId "16238982"]
[BlackFideId "16281527"]
[EventRounds "7"]
[EventType "team-swiss"]
[EventDate "2020.12.29"]

1. d4 {[%emt 0:00:11]} d5 {[%emt 0:00:17]} 2. Nf3 {[%emt 0:00:09]} Nf6 { [%emt
0:00:19]} 3. Bf4 {[%emt 0:00:02]} c5 {[%emt 0:00:06]} 4. e3 {[%emt 0:00:04]}
Bf5 {[%emt 0:00:09]} 5. c3 {[%emt 0:00:01]} e6 {[%emt 0:00:02]} 6. Nbd2 { [%emt
0:00:05]} Nc6 {[%emt 0:00:06]} 7. Bb5 {[%emt 0:00:07]} Bd6 {[%emt 0:00:25]} 8.
Bg3 {[%emt 0:00:16]} O-O {[%emt 0:00:09]} 9. Nh4 {[%emt 0:00:15]} Bg6 { [%emt
0:00:30]} 10. Nxg6 {[%emt 0:00:03]} hxg6 {[%emt 0:00:02]} 11. O-O { [%emt
0:00:03]} a6 {[%emt 0:00:04]} 12. Bd3 {[%emt 0:00:04]} cxd4 {[%emt 0:00:06]}
13. exd4 {[%emt 0:00:06]} Ne7 {[%emt 0:00:07]} 14. Nf3 {[%emt 0:00:03]} Nf5
{[%emt 0:00:37]} 15. Be5 {[%emt 0:00:23]} Bxe5 {[%emt 0:00:24]} 16. Nxe5 {
[%emt 0:00:03]} Nd7 {[%emt 0:00:06]} 17. Qe2 {[%emt 0:00:32]} Nxe5 {[%emt
0:00:05]} 18. Qxe5 {[%emt 0:00:01]} Qd6 {[%emt 0:00:12]} 19. Rfe1 {[%emt
0:00:06]} Qxe5 {[%emt 0:00:03]} 20. Rxe5 {[%emt 0:00:02]} Rfe8 {[%emt 0:00:16]}
21. Rae1 {[%emt 0:00:03]} Rad8 {[%emt 0:00:11]} 22. g3 {[%emt 0:00:02]} Kf8
{[%emt 0:00:10]} 23. Kg2 {[%emt 0:00:07]} Rd6 {[%emt 0:00:05]} 24. h4 {[%emt
0:00:06]} Rb6 {[%emt 0:00:15]} 25. R1e2 {[%emt 0:00:04]} Nh6 {[%emt 0:00:26]}
26. Kh3 { [%emt 0:00:09]} Rd6 {[%emt 0:01:29]} 27. g4 {[%emt 0:00:08]} f5
{[%emt 0:00:21] } 28. g5 {[%emt 0:00:54]} Ng4 {[%emt 0:00:14]} 29. h5 {[%emt
0:00:29]} gxh5 { [%emt 0:00:51]} 30. g6 {[%emt 0:00:37]} Nxe5 {[%emt 0:00:10]}
31. Rxe5 { [%emt 0:00:10]} Rb6 {[%emt 0:00:18]} 32. b3 {[%emt 0:00:03]} a5
{[%emt 0:00:38] } 33. c4 {[%emt 0:00:07]} dxc4 {[%emt 0:00:02]} 34. Bxc4 {[%emt
0:00:02]} Ke7 { [%emt 0:00:41]} 35. Rxa5 {[%emt 0:00:11]} Kf6 {[%emt 0:00:07]}
36. Re5 { [%emt 0:00:21]} Kxg6 {[%emt 0:00:03]} 37. f4 {[%emt 0:00:06]} Kf6
{[%emt 0:00:03]} 38. Kh4 {[%emt 0:00:08]} Rd6 {[%emt 0:00:15]} 39. d5 {[%emt
0:00:05]} exd5 {[%emt 0:00:06]} 40. Rxe8 {[%emt 0:00:01]} dxc4 {[%emt 0:00:01]}
41. bxc4 { [%emt 0:00:01]} Rd4 {[%emt 0:00:03]} 42. Kxh5 {[%emt 0:00:06]} Rxf4
{[%emt 0:00:07]} 43. Rb8 {[%emt 0:00:09]} g6+ {[%emt 0:00:04]} 44. Kh6 {[%emt
0:00:02]} Rh4# {[%emt 0:00:01]} 0-1

[Event "DSJ Weihnachtsturnier U20 2020"]
[Site "https://play.chessbase.com/en/play?room=DSJWeihnachtU20"]
[Date "2020.12.29"]
[Round "6"]
[White "Schwegler, Tim"]
[Black "Michels, Fabio"]
[Result "0-1"]
[Termination "normal"]
[Board "12.3"]
[WhiteElo "1623"]
[BlackElo "1865"]
[WhiteTeam "VfL Leipheim 1898"]
[BlackTeam "SC ML Kastellaun"]
[PlyCount "124"]
[BlackFideId "16223780"]
[EventRounds "7"]
[EventType "team-swiss"]
[EventDate "2020.12.29"]

1. e4 {[%emt 0:02:48] Black restart ok. Restarted W (13.22e) OK} c5 {[%emt
0:00:05]} 2. c3 {[%emt 0:00:04]} d5 {[%emt 0:00:02]} 3. exd5 {[%emt 0:00:04]}
Qxd5 {[%emt 0:00:02]} 4. d4 {[%emt 0:00:01]} Nc6 { [%emt 0:00:06]} 5. Nf3
{[%emt 0:00:02]} Nf6 {[%emt 0:00:02]} 6. Be2 {[%emt 0:00:02]} g6 {[%emt
0:00:15]} 7. O-O {[%emt 0:00:03]} Bg7 {[%emt 0:00:01]} 8. c4 {[%emt 0:00:17]}
Qd6 {[%emt 0:00:18]} 9. d5 {[%emt 0:00:03]} Ne5 {[%emt 0:00:19]} 10. Nc3 {[%emt
0:00:10]} Bg4 {[%emt 0:00:06]} 11. h3 {[%emt 0:00:04]} Bxf3 {[%emt 0:00:02]}
12. Bxf3 {[%emt 0:00:02]} O-O {[%emt 0:00:10]} 13. b3 { [%emt 0:00:05]} Nxf3+
{[%emt 0:00:10]} 14. Qxf3 {[%emt 0:00:02]} a6 {[%emt 0:01:04] Leiphm1-003
reconnected.} 15. Bf4 {[%emt 0:06:13]} Qd7 {[%emt 0:00:18]} 16. Ne4 {[%emt
0:00:14]} Nxe4 {[%emt 0:00:06]} 17. Qxe4 {[%emt 0:00:01]} Bxa1 { [%emt
0:00:05]} 18. Rxa1 {[%emt 0:00:00]} Rfe8 {[%emt 0:00:12]} 19. Bh6 { [%emt
0:00:00]} e5 {[%emt 0:00:12]} 20. Re1 {[%emt 0:00:02]} f5 {[%emt 0:00:07] } 21.
Qc2 {[%emt 0:00:02]} Rac8 {[%emt 0:00:09]} 22. Qb2 {[%emt 0:00:01]} Qc7 { [%emt
0:00:19]} 23. Qd2 {[%emt 0:00:06]} Qd6 {[%emt 0:00:04]} 24. f4 {[%emt 0:00:02]}
exf4 {[%emt 0:00:08]} 25. Bxf4 {[%emt 0:00:02]} Qf6 {[%emt 0:00:05]} 26. Rf1
{[%emt 0:00:03]} Qd4+ {[%emt 0:00:02]} 27. Qxd4 {[%emt 0:00:09]} cxd4 { [%emt
0:00:00]} 28. Rd1 {[%emt 0:00:03]} Re2 {[%emt 0:00:12]} 29. Bg3 {[%emt
0:00:01]} Rce8 {[%emt 0:00:08]} 30. Rxd4 {[%emt 0:00:01]} Rxa2 {[%emt 0:00:02]}
31. d6 {[%emt 0:00:02]} Rd8 {[%emt 0:01:52]} 32. d7 {[%emt 0:00:02]} Kf7 {
[%emt 0:00:01]} 33. Bc7 {[%emt 0:00:02]} Ke7 {[%emt 0:00:01]} 34. Bxd8+ { [%emt
0:00:01]} Kxd8 {[%emt 0:00:01]} 35. c5 {[%emt 0:00:01]} Rb2 {[%emt 0:00:05]}
36. b4 {[%emt 0:00:02]} Rc2 {[%emt 0:00:10]} 37. Kh2 {[%emt 0:00:02]} a5 {
[%emt 0:00:12]} 38. bxa5 {[%emt 0:00:02]} Rxc5 {[%emt 0:00:02]} 39. Rb4 { [%emt
0:00:01]} Rc7 {[%emt 0:00:10]} 40. a6 {[%emt 0:00:02]} bxa6 {[%emt 0:00:02]}
41. Rb8+ {[%emt 0:00:01]} Kxd7 {[%emt 0:00:02]} 42. Ra8 {[%emt 0:00:00]} Rc6
{[%emt 0:00:08]} 43. Ra7+ {[%emt 0:00:01]} Ke6 {[%emt 0:00:05]} 44. Rxh7 {
[%emt 0:00:01]} Rc1 {[%emt 0:00:06]} 45. Ra7 {[%emt 0:00:01]} Ra1 {[%emt
0:00:01]} 46. Kg3 {[%emt 0:00:01]} a5 {[%emt 0:00:01]} 47. Kf4 {[%emt 0:00:03]}
a4 { [%emt 0:00:06]} 48. g4 {[%emt 0:00:02]} fxg4 {[%emt 0:00:06]} 49. hxg4 {
[%emt 0:00:02]} a3 {[%emt 0:00:00]} 50. Kg5 {[%emt 0:00:01]} a2 {[%emt 0:00:21]
} 51. Ra6+ {[%emt 0:00:03]} Ke5 {[%emt 0:00:06]} 52. Rxg6 {[%emt 0:00:01]} Rg1
{[%emt 0:00:08]} 53. Ra6 {[%emt 0:00:01]} a1=Q {[%emt 0:00:01]} 54. Rxa1 {
[%emt 0:00:02]} Rxa1 {[%emt 0:00:02]} 55. Kg6 {[%emt 0:00:01]} Rg1 {[%emt
0:00:01]} 56. g5 {[%emt 0:00:01]} Kf4 {[%emt 0:00:01]} 57. Kh6 {[%emt 0:00:03]}
Rxg5 {[%emt 0:00:00]} 58. Kh7 {[%emt 0:00:01]} Kf5 {[%emt 0:00:01]} 59. Kh8 {
[%emt 0:00:01]} Kf6 {[%emt 0:00:01]} 60. Kh7 {[%emt 0:00:01]} Kf7 {[%emt
0:00:08]} 61. Kh6 {[%emt 0:00:01]} Ra5 {[%emt 0:00:01]} 62. Kh7 {[%emt
0:00:01]} Rh5# {[%emt 0:00:01]} 0-1

[Event "DSJ Weihnachtsturnier U20 2020"]
[Site "https://play.chessbase.com/en/play?room=DSJWeihnachtU20"]
[Date "2020.12.29"]
[Round "6"]
[White "Hoffmann, Tom"]
[Black "Biedenbach, Daniel"]
[Result "1-0"]
[Termination "normal"]
[Board "12.4"]
[WhiteElo "1296"]
[BlackElo "1610"]
[WhiteTeam "SC ML Kastellaun"]
[BlackTeam "VfL Leipheim 1898"]
[PlyCount "87"]
[WhiteFideId "16288726"]
[BlackFideId "16281489"]
[EventRounds "7"]
[EventType "team-swiss"]
[EventDate "2020.12.29"]

1. Nf3 {[%emt 0:00:06]} Nf6 {[%emt 0:00:13]} 2. g3 {[%emt 0:00:09]} g6 { [%emt
0:00:04]} 3. Bg2 {[%emt 0:00:03]} Bg7 {[%emt 0:00:06]} 4. d4 {[%emt 0:00:02]}
O-O {[%emt 0:00:05]} 5. c4 {[%emt 0:00:04]} d6 {[%emt 0:00:02]} 6. Nc3 { [%emt
0:00:04]} Nc6 {[%emt 0:00:03]} 7. O-O {[%emt 0:00:51]} Nd7 {[%emt 0:00:07]} 8.
b3 {[%emt 0:00:20]} e5 {[%emt 0:00:04]} 9. dxe5 {[%emt 0:00:23]} Ndxe5 {[%emt
0:00:06]} 10. Nxe5 {[%emt 0:00:02]} Bxe5 {[%emt 0:00:09]} 11. Bb2 { [%emt
0:00:03]} Qf6 {[%emt 0:00:03]} 12. Nd5 {[%emt 0:00:37]} Qd8 {[%emt 0:00:37]}
13. Bxe5 {[%emt 0:00:06]} Nxe5 {[%emt 0:00:04]} 14. f4 {[%emt 0:00:21]} Ng4
{[%emt 0:00:23]} 15. Qd4 {[%emt 0:01:03]} c6 {[%emt 0:00:19]} 16. Nc3 { [%emt
0:00:17]} Qf6 {[%emt 0:00:15]} 17. Qxf6 {[%emt 0:00:25]} Nxf6 {[%emt 0:00:02]}
18. Rad1 {[%emt 0:00:01]} Rd8 {[%emt 0:00:31]} 19. e4 {[%emt 0:00:04]} Bg4
{[%emt 0:00:52]} 20. Rd2 {[%emt 0:00:09]} Ne8 {[%emt 0:00:57]} 21. Bf3 { [%emt
0:00:11]} Nf6 {[%emt 0:00:46]} 22. Bxg4 {[%emt 0:00:26]} Nxg4 {[%emt 0:00:06]}
23. Rfd1 {[%emt 0:00:02]} d5 {[%emt 0:01:14]} 24. cxd5 {[%emt 0:00:09]} cxd5
{[%emt 0:00:04]} 25. Nxd5 {[%emt 0:00:04]} Kf8 {[%emt 0:00:12]} 26. h3 { [%emt
0:00:12]} Nh6 {[%emt 0:00:39]} 27. Nf6 {[%emt 0:00:22]} Rxd2 {[%emt 0:00:13]}
28. Rxd2 {[%emt 0:00:02]} Kg7 {[%emt 0:00:04]} 29. e5 {[%emt 0:00:17]} Nf5
{[%emt 0:00:07]} 30. Kg2 {[%emt 0:00:12]} Rc8 {[%emt 0:00:26]} 31. g4 {[%emt
0:00:25]} Ne3+ {[%emt 0:00:10]} 32. Kf2 {[%emt 0:00:08]} Nc2 {[%emt 0:00:23]}
33. Rd7 {[%emt 0:00:16]} Nb4 {[%emt 0:00:23]} 34. Rxb7 {[%emt 0:00:03]} Rc2+ {
[%emt 0:00:14]} 35. Kg3 {[%emt 0:00:21]} Nxa2 {[%emt 0:00:03]} 36. Rxa7 { [%emt
0:00:20]} Nb4 {[%emt 0:00:05]} 37. Ne8+ {[%emt 0:00:20]} Kf8 {[%emt 0:00:09]}
38. Nd6 {[%emt 0:00:10]} Kg8 {[%emt 0:00:14]} 39. Nxf7 {[%emt 0:00:12]} Rc3+
{[%emt 0:00:03]} 40. Kh4 {[%emt 0:00:05]} Rxb3 {[%emt 0:00:33]} 41. Ng5 { [%emt
0:00:04]} h6 {[%emt 0:00:06]} 42. Ne4 {[%emt 0:00:12]} Nd5 {[%emt 0:00:07]} 43.
e6 {[%emt 0:00:31]} Nf6 {[%emt 0:00:00]} 44. Nxf6+ {[%emt 0:00:02]} 1-0

[Event "DSJ Weihnachtsturnier U20 2020"]
[Site "https://play.chessbase.com/en/play?room=DSJWeihnachtU20"]
[Date "2020.12.29"]
[Round "6"]
[White "Rietschel, Tilo"]
[Black "Klühs, Gustaf"]
[Result "0-1"]
[Termination "normal"]
[Board "13.1"]
[WhiteElo "2066"]
[BlackElo "1823"]
[WhiteTeam "Lübecker SV von 1873"]
[BlackTeam "SC Borussia Lichtenberg"]
[PlyCount "94"]
[WhiteFideId "16208390"]
[BlackFideId "16228936"]
[EventRounds "7"]
[EventType "team-swiss"]
[EventDate "2020.12.29"]

1. e4 {[%emt 0:00:02]} e6 {[%emt 0:00:04]} 2. d4 {[%emt 0:00:02]} d5 {[%emt
0:00:02]} 3. Nc3 {[%emt 0:00:01]} Bb4 {[%emt 0:00:03]} 4. e5 {[%emt 0:00:01]}
c5 {[%emt 0:00:02]} 5. a3 {[%emt 0:00:01]} Ba5 {[%emt 0:00:02]} 6. b4 {[%emt
0:00:07]} cxd4 {[%emt 0:00:02]} 7. Qxd4 {[%emt 0:00:25]} Bc7 {[%emt 0:00:09]}
8. Nf3 {[%emt 0:00:08]} Nc6 {[%emt 0:00:03] 1-0 (9) 01 accepted take back of
d5c4 Luebeck1-001 accepted take back of d4c4} 9. Bb5 {[%emt 0:00:04]} Nge7
{[%emt 0:00:03]} 10. Bf4 {[%emt 0:00:15]} Bd7 {[%emt 0:00:07]} 11. Bxc6 {[%emt
0:00:02]} Bxc6 {[%emt 0:00:07]} 12. O-O {[%emt 0:00:05]} a6 {[%emt 0:00:15]}
13. Rfe1 { [%emt 0:00:31]} Qd7 {[%emt 0:00:07]} 14. h3 {[%emt 0:00:05]} Nf5
{[%emt 0:00:05]} 15. Qd3 {[%emt 0:00:06]} Bb5 {[%emt 0:00:02]} 16. Qd2 {[%emt
0:00:15]} O-O {[%emt 0:00:14]} 17. Rad1 {[%emt 0:00:19]} Bb6 {[%emt 0:00:25]}
18. Nxb5 { [%emt 0:00:03]} Qxb5 {[%emt 0:00:07]} 19. g4 {[%emt 0:00:12]} Ne7
{[%emt 0:00:02]} 20. Be3 {[%emt 0:00:02]} Bxe3 {[%emt 0:00:10]} 21. Rxe3 {[%emt
0:00:00]} Rac8 {[%emt 0:00:02]} 22. Rd3 {[%emt 0:00:27]} Rc4 {[%emt 0:00:05]}
23. Qg5 { [%emt 0:00:30]} Qd7 {[%emt 0:00:05]} 24. c3 {[%emt 0:00:17]} Rfc8
{[%emt 0:00:05]} 25. Qc1 {[%emt 0:00:01]} Ng6 {[%emt 0:00:10]} 26. Nd2 {[%emt
0:00:13]} R4c6 {[%emt 0:00:08]} 27. Re1 {[%emt 0:00:24]} Qc7 {[%emt 0:00:04]}
28. Nb1 { [%emt 0:00:11]} Nxe5 {[%emt 0:00:06]} 29. Rg3 {[%emt 0:00:33]} Ng6
{[%emt 0:00:14]} 30. Qg5 {[%emt 0:00:12]} Qf4 {[%emt 0:00:10]} 31. Qxf4 {[%emt
0:00:07]} Nxf4 {[%emt 0:00:01]} 32. Rf3 {[%emt 0:00:00]} Ng6 {[%emt 0:00:02]}
33. Kg2 { [%emt 0:00:03]} Kf8 {[%emt 0:00:02]} 34. Kg3 {[%emt 0:00:02]} Ke7
{[%emt 0:00:06]} 35. h4 {[%emt 0:00:04]} b5 {[%emt 0:00:15]} 36. Rd3 {[%emt
0:00:06]} Kf8 { [%emt 0:00:07]} 37. f4 {[%emt 0:00:05]} Ne7 {[%emt 0:00:09]}
38. Ree3 {[%emt 0:00:01]} h5 {[%emt 0:00:09]} 39. Nd2 {[%emt 0:00:01]} hxg4
{[%emt 0:00:02]} 40. Kxg4 {[%emt 0:00:00]} Nf5 {[%emt 0:00:02]} 41. Rf3 {[%emt
0:00:02]} Ke7 { [%emt 0:00:07]} 42. Nb3 {[%emt 0:00:03]} Rh8 {[%emt 0:00:03]}
43. Rh3 {[%emt 0:00:08]} Rc4 {[%emt 0:00:09]} 44. Nc5 {[%emt 0:00:12]} g6
{[%emt 0:00:55]} 45. Nb3 {[%emt 0:00:24]} e5 {[%emt 0:00:06]} 46. Rxd5 {[%emt
0:00:06]} Rxf4+ { [%emt 0:00:03]} 47. Kg5 {[%emt 0:00:03]} Rh5# {[%emt
0:00:03]} 0-1

[Event "DSJ Weihnachtsturnier U20 2020"]
[Site "https://play.chessbase.com/en/play?room=DSJWeihnachtU20"]
[Date "2020.12.29"]
[Round "6"]
[White "Wadepfuhl, Jeremy"]
[Black "Mundt, Alexandra"]
[Result "1/2-1/2"]
[Termination "normal"]
[Board "13.2"]
[WhiteElo "1714"]
[BlackElo "1768"]
[WhiteTeam "SC Borussia Lichtenberg"]
[BlackTeam "Lübecker SV von 1873"]
[PlyCount "202"]
[WhiteFideId "16243471"]
[BlackFideId "16217276"]
[EventRounds "7"]
[EventType "team-swiss"]
[EventDate "2020.12.29"]

1. d4 {[%emt 0:00:05]} g6 {[%emt 0:00:03]} 2. Bg5 {[%emt 0:00:10]} Bg7 { [%emt
0:00:03]} 3. Nf3 {[%emt 0:00:03]} h6 {[%emt 0:00:08]} 4. Bf4 {[%emt 0:00:16]}
g5 {[%emt 0:00:04]} 5. Bg3 {[%emt 0:00:12]} d6 {[%emt 0:00:08]} 6. e3 { [%emt
0:00:13]} Nf6 {[%emt 0:00:10]} 7. Be2 {[%emt 0:00:18]} Bf5 {[%emt 0:00:21]} 8.
c4 {[%emt 0:00:13]} Nbd7 {[%emt 0:00:06]} 9. Nc3 {[%emt 0:00:01]} c5 { [%emt
0:00:08]} 10. O-O {[%emt 0:00:12]} Qb6 {[%emt 0:00:33]} 11. Qb3 {[%emt
0:00:10]} Ne4 {[%emt 0:00:46]} 12. Rfd1 {[%emt 0:01:01]} O-O {[%emt 0:00:30]}
13. Bd3 {[%emt 0:00:20]} Nxg3 {[%emt 0:00:10]} 14. hxg3 {[%emt 0:00:02]} Bxd3 {
[%emt 0:00:06]} 15. Rxd3 {[%emt 0:00:00]} g4 {[%emt 0:00:22]} 16. Ne1 {[%emt
0:00:24]} cxd4 {[%emt 0:00:09]} 17. Nd5 {[%emt 0:00:11]} Qd8 {[%emt 0:00:22]}
18. exd4 {[%emt 0:00:04]} e6 {[%emt 0:00:19]} 19. Ne3 {[%emt 0:00:09]} Qe7 {
[%emt 0:00:25]} 20. Nxg4 {[%emt 0:00:13]} h5 {[%emt 0:00:12]} 21. Ne3 {[%emt
0:00:04]} e5 {[%emt 0:00:15]} 22. Nd5 {[%emt 0:00:12]} Qd8 {[%emt 0:00:43]} 23.
Rdd1 {[%emt 0:00:40]} exd4 {[%emt 0:00:10]} 24. Nf3 {[%emt 0:00:03]} Nc5 {
[%emt 0:00:02]} 25. Qc2 {[%emt 0:00:08]} d3 {[%emt 0:00:10]} 26. Qd2 {[%emt
0:00:10]} Re8 {[%emt 0:00:13]} 27. Nf4 {[%emt 0:00:03]} Bh6 {[%emt 0:00:04]}
28. Re1 {[%emt 0:00:13]} Qf6 {[%emt 0:00:24]} 29. b4 {[%emt 0:00:20]} Ne6
{[%emt 0:00:47]} 30. Qxd3 {[%emt 0:00:20]} Nxf4 {[%emt 0:00:05]} 31. gxf4
{[%emt 0:00:20]} Qxf4 {[%emt 0:00:10]} 32. Qd4 {[%emt 0:00:20]} Qxd4 {[%emt
0:00:57]} 33. Nxd4 {[%emt 0:00:00]} Bg7 {[%emt 0:00:02]} 34. Red1 {[%emt
0:00:09]} Re4 { [%emt 0:00:02]} 35. Nb5 {[%emt 0:01:16]} Bxa1 {[%emt 0:00:09]}
36. Rxa1 { [%emt 0:00:00]} d5 {[%emt 0:00:07]} 37. cxd5 {[%emt 0:00:05]} Rxb4
{[%emt 0:00:02]} 38. Nd6 {[%emt 0:00:05]} Rd8 {[%emt 0:00:05]} 39. Nf5 {[%emt
0:00:02]} Rf4 {[%emt 0:00:13]} 40. Ne3 {[%emt 0:00:04]} Rb4 {[%emt 0:00:15]}
41. Kf1 { [%emt 0:00:31]} Kf8 {[%emt 0:00:18]} 42. Ke2 {[%emt 0:00:03]} Ke7
{[%emt 0:00:10]} 43. Kf3 {[%emt 0:00:01]} Kd6 {[%emt 0:00:19]} 44. Nf5+ {[%emt
0:00:11]} Ke5 {[%emt 0:00:09]} 45. Ne3 {[%emt 0:00:01]} Rf4+ {[%emt 0:00:03]}
46. Ke2 { [%emt 0:00:02]} Rb4 {[%emt 0:00:07]} 47. Kf3 {[%emt 0:00:03]} f5
{[%emt 0:00:02]} 48. Re1 {[%emt 0:00:06]} Kf6 {[%emt 0:00:08]} 49. Ra1 {[%emt
0:00:03]} f4 {[%emt 0:00:01]} 50. Nc2 {[%emt 0:00:07]} Rb2 {[%emt 0:00:09]} 51.
Nd4 { [%emt 0:00:05]} Rxd5 {[%emt 0:00:01]} 52. Ke4 {[%emt 0:00:09]} Rd8 {[%emt
0:00:04]} 53. Nf3 {[%emt 0:00:18]} Re2+ {[%emt 0:00:03]} 54. Kxf4 {[%emt
0:00:03]} Rxf2 {[%emt 0:00:03]} 55. Kg3 {[%emt 0:00:01] Lichten1-002
reconnected.} Rb2 { [%emt 0:00:05] Lichten1-002 reconnected.} 56. a4 {[%emt
0:00:48]} Rg8+ { [%emt 0:00:02]} 57. Kf4 {[%emt 0:00:03]} Rbxg2 {[%emt
0:00:02]} 58. Rh1 { [%emt 0:00:04]} R2g4+ {[%emt 0:00:01]} 59. Ke3 {[%emt
0:00:02]} Re8+ {[%emt 0:00:02]} 60. Kf2 {[%emt 0:00:01]} Rxa4 {[%emt 0:00:04]}
61. Rxh5 {[%emt 0:00:03] } Ra2+ {[%emt 0:00:01]} 62. Kg3 {[%emt 0:00:02]} Rg8+
{[%emt 0:00:01]} 63. Kf4 {[%emt 0:00:02]} Ra4+ {[%emt 0:00:01]} 64. Ke3 {[%emt
0:00:02]} b6 {[%emt 0:00:02]} 65. Rh6+ {[%emt 0:00:03]} Kg7 {[%emt 0:00:01]}
66. Rd6 {[%emt 0:00:03]} Re8+ {[%emt 0:00:01]} 67. Kf2 {[%emt 0:00:01]} Re7
{[%emt 0:00:02]} 68. Nd4 { [%emt 0:00:02]} Rf7+ {[%emt 0:00:03]} 69. Ke3 {[%emt
0:00:02]} Ra3+ {[%emt 0:00:02]} 70. Kd2 {[%emt 0:00:02]} Ra2+ {[%emt 0:00:05]}
71. Kc3 {[%emt 0:00:02]} Rh2 {[%emt 0:00:04]} 72. Ne6+ {[%emt 0:00:02]} Kg8
{[%emt 0:00:02]} 73. Rd8+ { [%emt 0:00:03]} Kh7 {[%emt 0:00:01]} 74. Ng5+
{[%emt 0:00:01]} Kg6 {[%emt 0:00:01]} 75. Nxf7 {[%emt 0:00:01]} Kxf7 {[%emt
0:00:01]} 76. Rd7+ {[%emt 0:00:00]} Ke6 {[%emt 0:00:01]} 77. Rxa7 {[%emt
0:00:00]} Rh5 {[%emt 0:00:02]} 78. Kc2 { [%emt 0:00:03]} b5 {[%emt 0:00:01]}
79. Ra3 {[%emt 0:00:01]} Kd6 {[%emt 0:00:01]} 80. Kb2 {[%emt 0:00:01]} Kc6
{[%emt 0:00:01]} 81. Rg3 {[%emt 0:00:01]} Rh4 {[%emt 0:00:03] Lichten1-002
offers a draw} 82. Rg6+ {[%emt 0:00:02]} Kc5 { [%emt 0:00:02]} 83. Rg3 {[%emt
0:00:01]} b4 {[%emt 0:00:01]} 84. Rf3 {[%emt 0:00:01]} Kc4 {[%emt 0:00:02]} 85.
Rg3 {[%emt 0:00:01]} Rh2+ {[%emt 0:00:01]} 86. Kb1 {[%emt 0:00:01]} b3 {[%emt
0:00:03]} 87. Rg8 {[%emt 0:00:01]} Rh5 {[%emt 0:00:10]} 88. Rc8+ {[%emt
0:00:02]} Rc5 {[%emt 0:00:01]} 89. Rg8 {[%emt 0:00:23]} Kb4 {[%emt 0:00:06]}
90. Rb8+ {[%emt 0:00:02]} Rb5 {[%emt 0:00:01]} 91. Rg8 { [%emt 0:00:01]} Ka3
{[%emt 0:00:01]} 92. Ra8+ {[%emt 0:00:01]} Kb4 {[%emt 0:00:01]} 93. Rg8 {[%emt
0:00:01]} Ra5 {[%emt 0:00:01]} 94. Rb8+ {[%emt 0:00:05]} Ka3 {[%emt 0:00:01]}
95. Rg8 {[%emt 0:00:05]} Ra4 {[%emt 0:00:02]} 96. Rf8 { [%emt 0:00:06]} Rh4
{[%emt 0:00:02]} 97. Ra8+ {[%emt 0:00:01]} Kb4 {[%emt 0:00:01]} 98. Rb8+ {[%emt
0:00:00]} Kc3 {[%emt 0:00:01]} 99. Rc8+ {[%emt 0:00:01]} Rc4 {[%emt 0:00:01]}
100. Rg8 {[%emt 0:00:02] Lichten1-002 offers a draw} b2 { [%emt 0:00:05]} 101.
Rg3+ {[%emt 0:00:02]} Kd2 {[%emt 0:00:03]} 1/2-1/2